EPIC The Musical : Hold Them Down - Statistiques

Statistiques générales
  • Ce quiz a été pris 67 fois
  • Le résultat moyen est 344 sur 394
Statistiques - réponses
Hint Réponse % Correct
down
100%
down)
100%
he
100%
her
100%
Suitors | Together Hold
100%
hold
100%
Antinous | Suitors (Hold
100%
I
100%
the
100%
The
100%
a
98%
And
98%
and
98%
be
98%
can
98%
is
98%
no
98%
on
98%
Will
98%
will
98%
don't
95%
Don't
95%
his
95%
power
95%
this
95%
This
95%
we
95%
Antinous while
95%
who
95%
you
95%
have
93%
string
93%
throne
93%
to
93%
To
93%
us
93%
Where
93%
where
93%
been
91%
bow
91%
boy
91%
Can't
91%
diplomatic
91%
get
91%
king
91%
know
91%
man
91%
more
91%
not
91%
old
91%
prince
91%
queen
91%
around
89%
as
89%
colder
89%
for
89%
heard
89%
here
89%
Suitors | Together Here
89%
him
89%
how
89%
in
89%
king's
89%
played
89%
Antinous Screw
89%
see
89%
slowly
89%
they
89%
at
86%
back
86%
challenge
86%
gets
86%
he's
86%
hours
86%
new
86%
None
86%
of
86%
our
86%
so
86%
taste
86%
through
86%
today
86%
we're
86%
Suitors Whoever
86%
age
84%
axes
84%
being
84%
comes
84%
competition
84%
damn
84%
mission
84%
Penelope
84%
pride
84%
shoot
84%
sit
84%
take
84%
Antinous (Take
84%
'til
84%
twelve
84%
wait
84%
we've
84%
when
84%
Together When
84%
bolder
82%
cleanly
82%
door
82%
go
82%
guys
82%
missing
82%
now
82%
say
82%
town
82%
arrives
80%
beaches
80%
hell
80%
shaking
80%
stop
80%
Stop
80%
Then
80%
then
80%
waste
80%
bedroom
77%
rage
77%
from
77%
Let
77%
let
77%
near
77%
one
77%
part
77%
slit
77%
throat
77%
we'll
77%
who's
77%
action
75%
action)
75%
any
75%
break
75%
control
75%
control)
75%
gather
75%
love
75%
ocean
75%
strike
75%
bones
73%
chance
73%
Antinous (Chance
73%
delays
73%
Haven't
73%
Oh
73%
oh)
73%
ship
73%
stops
73%
taking
73%
Antinous there's
73%
crown
70%
it
70%
noticed
70%
soul
70%
Suitors Throw
70%
breaking
68%
deed
68%
gate
68%
inside
68%
Only
68%
open
68%
share
68%
spoils
68%
below
66%
done
66%
fire
66%
your
66%
ashes
64%
Channel
64%
faith
64%
great
64%
pieces
64%
tiny
64%
'em
61%
Antinous burn
59%
Antinous into
59%
Antinous wonders
59%
docks
57%
Suitors Cut
55%
trust
55%
leave
50%
breach
45%
woah
20%
Aucun quiz correspondant
Distribution des résultats
% des personnes avec chaque résultat
Percentile par nombre de réponses
Votre historique - résultats
Vous n’avez pas pris ce quiz